000 00796nam a2200217 a 4500
999 _c3875
_d3875
001 3875
003 BD-JhCC
005 20171119164230.0
008 171119s1961 bg |||| |||| 000 0 ben d
035 _a(BD-JhCC) 3875
040 _aBD-JhCC
_dBD-JhCC
041 _aben
082 _a891.4415
_bMOD 1961
245 _aমধ্যযুগের বাংলা গীতি কবিতা /
_cমুহম্মদ আবদুল হাই
260 _aঢাকা :
_bঢাকা বিশ্ববিদ্যালয়,
_c১৯৬১.
300 _a৩০৪ পৃ. :
_c২০ সেমি.
650 _aBengali poetry
_yMiddival era
700 _aহাই, মুহম্মদ আবদুল (সম্পা), শরীফ, আহমদ
942 _2ddc
_cBK